| 000 | 01197nam a22003497a 4500 | ||
|---|---|---|---|
| 003 | CHAP | ||
| 005 | 20220329134027.0 | ||
| 008 | 971013s1987 r 00010 d | ||
| 010 | _a14304 | ||
| 011 | _a15276 | ||
| 035 | _a19351 | ||
| 040 | _cCHAP | ||
| 090 | _aTesis | ||
| 100 | 0 | 0 |
_aBenavides Meza, Héctor M. _911520 |
| 245 | _aConductancia y resistencia estomática en dos especies de piñoneros (Pinus cembroides Zucc. y Pinus discolor Bailey y Hawks.) | ||
| 260 |
_aChapingo, Méx. : _bEl autor, _c1987 |
||
| 300 |
_a219 p. _b; gráfs. |
||
| 502 | _aTesis (M. C. Esp. en Botánica) -- C.P. Centro de Botánica | ||
| 590 |
_aALEPH _b10 _c20130110 _lUCH01 _h1235 |
||
| 590 |
_aBATCH-UPD _b10 _c20130110 _lUCH01 _h0144 |
||
| 590 |
_aBATCH-UPD _b10 _c20130110 _lUCH01 _h1346 |
||
| 590 |
_aBATCH-UPD _b10 _c20130410 _lUCH01 _h0845 |
||
| 590 |
_aBATCH-UPD _b10 _c20130914 _lUCH01 _h1327 |
||
| 590 |
_aCONVERSION _b10 _c20130109 _lUCH01 _h1309 |
||
| 650 | 1 | 4 |
_aEstomas. _938345 |
| 650 | 1 | 4 |
_aPinus cembroides. _988325 |
| 650 | 1 | 4 |
_aPinus discolor. _988330 |
| 901 | _aBK | ||
| 942 | _cFOLL | ||
| 949 |
_bBC _cTES _d-45026 _eTS1 _h19893 _i19351 _si |
||
| 949 |
_bBC _cTES _d-45027 _eTS2 _fc.2 _h19894 _i19351 _si |
||
| 999 |
_c14304 _d14304 |
||